Technikai haladás - "áldás vagy átok"?
Elmentve itt :
| Szerző: | |
|---|---|
| Adatforrás: | Philobibl |
| Forrásdokumentuma: | Magyar Filozófiai Szemle 16 1972/3-4., 338-355. p. |
| Dokumentumtípus: | Cikk |
| Nyelv: | magyar |
| LEADER | 00312nab a2200097 c 4500 | ||
|---|---|---|---|
| 001 | bibDOK00008031 | ||
| 005 | 20200924120356.4 | ||
| 008 | 060518s1972 hu hun | ||
| 100 | 1 | |a Fukász György | |
| 245 | 1 | 0 | |a Technikai haladás - "áldás vagy átok"? |c Fukász György |
| 773 | 0 | |t Magyar Filozófiai Szemle 16 |g 1972/3-4., 338-355. p. | |